Tradice a perspektivy rozvoje čs. agrárního družstevnictví.
Charakteristika, vývojové smery družstevníctva na území Československa pred jeho vznikom. Systém zásobovacích, výrobných, odbytových a peňažných agrárnych družstiev v I. ČSR. Vývoj počtu a zastúpenia úverových a neúverových družstiev a ich funkčné členenie a zameranie. Vývoj agrárneho družstevníctva...
Na minha lista:
| Autor principal: | |
|---|---|
| Outros Autores: | |
| Formato: | Capítulo de Livro |
| Idioma: | tcheco |
| Assuntos: | |
| Tags: |
Sem tags, seja o primeiro a adicionar uma tag!
|
MARC
| LEADER | 00000naa a2200000 4500 | ||
|---|---|---|---|
| 001 | r009544 | ||
| 005 | 20220831091146.0 | ||
| 041 | 0 | |a cze | |
| 044 | |a [CS] | ||
| 245 | 1 | 0 | |a Tradice a perspektivy rozvoje čs. agrárního družstevnictví. |c J. Hubáček, J. Brčák |
| 520 | |a Charakteristika, vývojové smery družstevníctva na území Československa pred jeho vznikom. Systém zásobovacích, výrobných, odbytových a peňažných agrárnych družstiev v I. ČSR. Vývoj počtu a zastúpenia úverových a neúverových družstiev a ich funkčné členenie a zameranie. Vývoj agrárneho družstevníctva po r. 1945. Transformácie a perspektívy družstiev v súčasnosti. Najnovšie tendencie agrárneho družstevníctva v zahraničí. | ||
| 610 | 2 | 0 | |a družstevníctvo |
| 610 | 2 | 0 | |a ČSFR |
| 610 | 2 | 0 | |a družstvá poľnohospodárske |
| 610 | 2 | 0 | |a družstvá |
| 610 | 2 | 0 | |a dejiny hospodárske |
| 610 | 2 | 0 | |a 1918-1992 |
| 610 | 2 | 0 | |a údaje štatistické |
| 610 | 2 | 0 | |a transformácia |
| 100 | 1 | |a Hubáček, J. | |
| 700 | 1 | |a Brčák, J. | |